000 00669nam a2200265Ia 4500
003 OSt
005 20220912150528.0
006 a|||||r|||| 00| 0
007 ta
008 220909b |||||||| |||| 00| 0 eng d
024 _a34668
037 _cTextual
040 _aCSL
_beng
_cCSL
041 _aeng
082 _aY744972:1, M3
100 _aChowdhury J N
245 0 _aArunachal Pradesh
260 _aNew Delhi
_b Cosmo
_c1983
300 _axiv,380p.
_ccm.
650 _a Arunachal Pradesh
650 _a Social change
650 _aAnthropolgy
942 _hY744972:1, M3
_cTEXL
_2CC
999 _c49431
_d49431